000 00734cam a2200253 4500
001 106934
003 ES-SlBCS
005 20210327224024.0
008 Ø S1990 0esp 0000 00spa0d
020 _a8432044482
040 _dES-SlBCS
041 _aspa
080 _a95
100 _aKonzelmann, Gerhard
_992864
245 _aLa espada de Al :
_bel avance de los chiitas /
_cGerhard Konzelmann ; traduccin de Mara Jos Bux - Dulce y Pedro Voltes
260 _aBarcelona :
_bPlaneta,
_c1990
300 _a383 p.;
_b 21 cm
650 _aIslam
_91573
650 _aHistoria
_92130
650 _aSectas
_937640
700 _aBux Dulce Montesinos, Mara Jos
_992865
700 _aVoltes Bou, Pedro
_914412
942 _2lcc
_cBK
999 _c453055
_d453055